LEADER 03226nam1-2200649---450- 001 990003202980203316 005 20090309143200.0 035 $a000320298 035 $aUSA01000320298 035 $a(ALEPH)000320298USA01 035 $a000320298 100 $a20090309d--------km-y0itay50------ba 101 $ager 102 $aCH 105 $a||||||||001yy 200 1 $aAusgewahlte Werke in Einzelbanden$fAlfred Döblin$gin Verbindung mit den Sohnen des Dichters herausgegeben von Walter Muschg 210 $aOlten$cFreiburg im Breisgau$aWalter 215 $av.$d21 cm 454 1$12001 461 1$1001-------$12001 463 \1$1001990001353360203316$12001 $aAmazonas$eRomantrilogie 463 \1$1001990003094640203316$12001 $aHamlet oder Die lange Nacht nimmt ein Ende$eRoman 463 \1$1001990003170900203316$12001 $a<> : Schriften zu Ästhetik, Poetik und Literatur 463 \1$1001990003178900203316$12001 $aBriefe 463 \1$1001990003203080203316$12001 $a<> : Kleine schriften$e[1902-1921] 463 \1$1001990003203100203316$12001 $a<> : Kleine schriften$e[1922-1924] 463 \1$1001990003203110203316$12001 $a<<1.>> : Das Land ohne Tod 463 \1$1001990003203120203316$12001 $a<> : Schriften zu Leben und Werk 463 \1$1001990003203130203316$12001 $a<<3.>> : Der neue Urwald 463 \1$1001990003203150203316$12001 $aNovember 1918$eeine deutsche Revolution$eErzahlwerk in drei Teilen 463 \1$1001990003203210203316$12001 $a<> : Bürger und soldaten$e1918 463 \1$1001990003203220203316$12001 $a<> : Verratenes volk$enach dem Text der Erstausgabe (1949) mit einem 'Vorspiel' aus 'Burger und Soldaten 1918' 463 \1$1001990003203240203316$12001 $a<> : Heimkehr der fronttruppen$enach dem Text der Erstausgabe (1949) 463 \1$1001990003203270203316$12001 $a<> : Schriften zu judischen Fragen 463 \1$1001990003203290203316$12001 $a<> : Karl und Rosa$enach dem Text der Erstausgabe (1950) 463 \1$1001990003203300203316$12001 $a<> : <> Oberst und der Dichter$a<> Pilgerin aetheria 463 \1$1001990003203310203316$12001 $a<> : Schriften zur Politik und Gesellschaft 463 \1$1001990003203330203316$12001 $a<> : Kritik der Zeit: Rundfunkbeitrage, 1946-1952 463 \1$1001990003203350203316$12001 $a<> : Jagende Rosse ; der schwarze Vorhang ; und andere fruhe Erzahlwerke 463 \1$1001990003203360203316$12001 $a<> : <> deutsche Maskenball :$eWissen und Verandern|$avon Linke Poot 600 $aDöblin, Alfred$xOpere 676 $a834 700 1$aDÖBLIN,$bAlfred$0387322 702 1$aMUSCHG,$bWalter 801 0$aIT$bsalbc$gISBD 912 $a990003202980203316 951 $aII.3.A.$bDSLL 959 $aBK 969 $aDSLL 979 $aDSLL$b90$c20090309$lUSA01$h0942 979 $aDSLL$b90$c20090309$lUSA01$h0942 979 $aDSLL$b90$c20090309$lUSA01$h0944 979 $aDSLL$b90$c20090309$lUSA01$h1055 979 $aDSLL$b90$c20090309$lUSA01$h1058 979 $aDSLL$b90$c20090309$lUSA01$h1432 996 $aAusgewählte Werke in Einzelbänden$996269 997 $aUNISA LEADER 00974nam a22002653i 4500 001 991000705319707536 005 20030110144027.0 008 021024s1992 it |||||||||||||||||ita 020 $a8871150198 035 $ab12043230-39ule_inst 035 $aARCHE-013303$9ExL 040 $aDip.to Filologia Ling. e Lett.$bita$cA.t.i. Arché s.c.r.l. Pandora Sicilia s.r.l. 082 04$a850.9009 100 1 $aScalia, Gianni$0120683 245 10$aA conti fatti :$bavanguardie, marxismi, letteratura /$cGianni Scalia 260 $aPadova :$bIl poligrafo,$c1992 300 $a270 p. ;$c18 cm 490 0 $aSaggi [Il poligrafo] ;$v2 650 4$aLetteratura italiana$ySec. 20. 907 $a.b12043230$b28-04-17$c01-04-03 912 $a991000705319707536 945 $aLE008 LLI IV G 6$g1$i2008000273118$lle008$o-$pE0.00$q-$rl$s- $t0$u0$v0$w0$x0$y.i12335800$z01-04-03 996 $aA conti fatti$9144001 997 $aUNISALENTO 998 $ale008$b01-04-03$cm$da $e-$fita$git $h0$i1